000 00521nam a2200193 u 4500
001 000331377
003 AM-YeHGA
005 20250618072057.0
008 040504s1947 ||| r 000 0 arm d
040 _aAM-YeHGA
041 0 _aarm
100 1 _aՇահան, Շահնուր,
_d1903-1974
_91747
245 1 0 _aՎիպակներ /
_cՇահնուր.
260 _aԱթէնք :
_bԱ. հ.,
_c1947.
300 _a192 էջ.
650 1 4 _aՀայ գրականություն
_xՎիպակ
942 _2udc
_cBK
090 _c125555
999 _c124200
_d124200